000 00476nam a2200181 4500
001 27401
005 20230410143329.0
008 060907n2003 dr spa
020 _a9586836398
035 _9funglode27606
041 _aES
050 1 4 _aARSENIA
100 _aGiraldo García, Fernando
245 1 _aSistema de partidos políticos en Colombia /
_cFernando Giraldo García
260 _aBogotá :
_bCEJA,
_c2003
300 _a258 P.
942 _2lcc
_cbk
999 _c99690
_d99690